000 00311nam a2200145Ia 4500
100 _aHorngren/C.T
650 _aEconomics
942 _cBK
654 _aAccounting
245 _aCost Accounting
260 _bPrentice Hall of India
_aNewDelhi
_c1973
082 _a657.42
300 _a788
546 _aENGLISH
999 _c27213
_d27213